| 000 | 00821nam a2200277 a 4500 | ||
|---|---|---|---|
| 001 | 37100 | ||
| 003 | BD-RjUL | ||
| 005 | 20211209052558.0 | ||
| 008 | 141015s1990 nyuaf b 001 0 eng | ||
| 020 | _a0023133619 | ||
| 035 | _a(BD-RjUL)37202 | ||
| 040 |
_aDLC _cDLC _dDLC _dBD-RjUL _beng |
||
| 041 | _aeng | ||
| 082 | 0 | 0 |
_a631.4 _220 _bBRN 1990 |
| 100 | 1 |
_aBrady, Nyle C. _946092 |
|
| 245 | 1 | 4 |
_aThe nature and properties of soils / _cNyle C. Brady. |
| 250 | _a10th ed. | ||
| 260 |
_aNew York : _bMacmillan ; _aLondon : _bCollier Macmillan, _cc1990. |
||
| 300 |
_axv, 621 p., [4] p. of plates : _bill. (some col.) ; _c29 cm. |
||
| 504 | _aIncludes bibliographies and index. | ||
| 650 | 0 |
_aSoil science. _9113447 |
|
| 650 | 0 |
_aSoils. _9113448 |
|
| 942 |
_2ddc _cBK |
||
| 999 |
_c37100 _d37100 |
||